The Old Testament: (Record no. 3387)

MARC details
000 -LEADER
fixed length control field 00500nam a22001697a 4500
003 - CONTROL NUMBER IDENTIFIER
control field GBCCL
005 - DATE AND TIME OF LATEST TRANSACTION
control field 20241126110453.0
008 - FIXED-LENGTH DATA ELEMENTS--GENERAL INFORMATION
fixed length control field 171127b xxu||||| |||| 00| 0 eng d
040 ## - CATALOGING SOURCE
Transcribing agency gbc
082 ## - DEWEY DECIMAL CLASSIFICATION NUMBER
Classification number 221.61
Item number ROB
100 ## - MAIN ENTRY--PERSONAL NAME
Personal name Robinson, H. Wheeler
9 (RLIN) 6909
245 ## - TITLE STATEMENT
Title The Old Testament:
Remainder of title Its making and meaning /
Statement of responsibility, etc. H. Wheeler Robinson
260 ## - PUBLICATION, DISTRIBUTION, ETC.
Place of publication, distribution, etc. London:
Name of publisher, distributor, etc. University of London Press,
Date of publication, distribution, etc. 1937
300 ## - PHYSICAL DESCRIPTION
Extent 248p.;
Dimensions 18 cm.
650 ## - SUBJECT ADDED ENTRY--TOPICAL TERM
Topical term or geographic name entry element Bible
Form subdivision Old Testament
General subdivision Introduction
9 (RLIN) 6857
942 ## - ADDED ENTRY ELEMENTS (KOHA)
Source of classification or shelving scheme Dewey Decimal Classification
Koha item type Books
Koha issues (borrowed), all copies 2
Holdings
Withdrawn status Lost status Source of classification or shelving scheme Damaged status Not for loan Home library Current Library Shelving location Date acquired Total checkouts Full call number Barcode Date last seen Date last checked out Copy number Price effective from Koha item type
    Dewey Decimal Classification     GRACE BIBLE COLLEGE GRACE BIBLE COLLEGE Biblical Studies 2017-11-27 3 221.61 ROB 003511 2025-09-10 2025-09-04 c.1 2017-11-27 Books
© Grace Bible College Library 2025